[Event "Warsaw Szansa blitz op"]
[Site "Warsaw"]
[Date "2023.09.16"]
[Round "11"]
[White "Bartel, Michal"]
[Black "Klim, Filip"]
[Result "1-0"]
[WhiteElo "2252"]
[BlackElo "1990"]
[PlyCount "75"]
[EventDate "2023.09.16"]
[EventType "swiss (blitz)"]
[EventRounds "13"]
[EventCountry "POL"]
[SourceTitle "EXT 2024"]
[Source "ChessBase"]
[SourceDate "2023.10.10"]
[SourceVersion "1"]
[SourceVersionDate "2023.10.10"]
[SourceQuality "1"]

1. e4 c5 2. Ne2 d6 3. g3 g6 4. Bg2 Bg7 5. c3 Nc6 6. d4 cxd4 7. cxd4 Nf6 8. Nbc3 0-0 9. 0-0 Bd7 10. h3 Rc8 11. Be3 a6 12. Qd2 b5 13. b3 Na5 14. Rac1 Bc6 15. d5 Bb7 16. f4 Nd7 17. Nd4 Nc5 18. Qe2 b4 19. Nb1 Qb6 20. Qd2 Rb8 21. Kh2 Bc8 22. Rfd1 Bd7 23. Qf2 Nab7 24. Rc2 a5 25. Nd2 Qa6 26. Bf1 Qb6 27. Nc4 Qd8 28. Bg2 Ra8 29. Nc6 Qe8 30. e5 Rc8 31. exd6 exd6 32. Nxd6 Nxd6 33. Bxc5 Bxc6 34. dxc6 Ne4 35. Bxe4 Qxe4 36. Bxf8 Bxf8 37. c7 Bg7 38. Rd8+ 1-0

[Event "Warsaw Szansa blitz op"]
[Site "Warsaw"]
[Date "2023.09.16"]
[Round "3"]
[White "Klim, Filip"]
[Black "Karwowski, Kacper"]
[Result "1/2-1/2"]
[WhiteElo "1990"]
[BlackElo "2155"]
[PlyCount "105"]
[EventDate "2023.09.16"]
[EventType "swiss (blitz)"]
[EventRounds "13"]
[EventCountry "POL"]
[SourceTitle "EXT 2024"]
[Source "ChessBase"]
[SourceDate "2023.10.10"]
[SourceVersion "1"]
[SourceVersionDate "2023.10.10"]
[SourceQuality "1"]

1. e4 c5 2. Nf3 e6 3. d4 cxd4 4. Nxd4 Nf6 5. Nc3 Nc6 6. Ndb5 Bb4 7. a3 Bxc3+ 8. Nxc3 d5 9. exd5 exd5 10. Bd3 0-0 11. 0-0 d4 12. Ne2 Bg4 13. Bg5 h6 14. Bh4 Bxe2 15. Qxe2 Re8 16. Qf3 Ne5 17. Qg3 Nxd3 18. Qxd3 Qb6 19. Rad1 Rad8 20. b3 g5 21. Bg3 Ne4 22. Rfe1 Nc3 23. Ra1 Qg6 24. Qxg6+ fxg6 25. Be5 Re6 26. Kf1 Kf7 27. f3 a6 28. a4 h5 29. Bg3 Rde8 30. Bf2 Rd8 31. Rxe6 Kxe6 32. Re1+ Kf6 33. h3 b5 34. axb5 axb5 35. Bg3 Rd5 36. Re8 Nd1 37. Bf2 Nxf2 38. Kxf2 d3 39. cxd3 Rxd3 40. Re3 Rd2+ 41. Re2 Rd1 42. Re8 Rb1 43. Re3 b4 44. g4 Rb2+ 45. Kg1 h4 46. Kh1 Rc2 47. Kg1 Rc3 48. Kf2 Rxe3 49. Kxe3 Ke5 50. Ke2 Kf4 51. Kf2 Ke5 52. Ke3 Kd5 53. Kd3 1/2-1/2

[Event "Warsaw Szansa blitz op"]
[Site "Warsaw"]
[Date "2023.09.16"]
[Round "6"]
[White "Sieciechowicz, Marcin"]
[Black "Klim, Filip"]
[Result "1-0"]
[WhiteElo "2398"]
[BlackElo "1990"]
[PlyCount "69"]
[EventDate "2023.09.16"]
[EventType "swiss (blitz)"]
[EventRounds "13"]
[EventCountry "POL"]
[SourceTitle "EXT 2024"]
[Source "ChessBase"]
[SourceDate "2023.10.10"]
[SourceVersion "1"]
[SourceVersionDate "2023.10.10"]
[SourceQuality "1"]

1. d4 d5 2. Nc3 Nf6 3. Bf4 c6 4. e3 Bf5 5. f3 e6 6. g4 Bg6 7. h4 h5 8. g5 Nfd7 9. Qd2 Nb6 10. Nh3 Bd6 11. Bxd6 Qxd6 12. Nf4 Bf5 13. e4 dxe4 14. fxe4 Bg4 15. e5 Qc7 16. Ne4 Nc8 17. Be2 Nd7 18. 0-0-0 Bxe2 19. Qxe2 g6 20. Rhg1 a5 21. Qd3 a4 22. a3 Qa5 23. Nf6+ Nxf6 24. gxf6 Qb5 25. Nxe6 Qxd3 26. Ng7+ Kd7 27. Rxd3 Nb6 28. Re1 Nd5 29. c4 Nf4 30. Rf3 Ne6 31. d5 cxd5 32. cxd5 Rac8+ 33. Kb1 Nd4 34. Rf4 Nb3 35. Rxa4 1-0

[Event "POL-ch Rapid U18"]
[Site "Bydgoszcz"]
[Date "2023.08.30"]
[Round "8"]
[White "Krasniewski, Maciej"]
[Black "Klim, Filip"]
[Result "0-1"]
[WhiteElo "1763"]
[BlackElo "2012"]
[PlyCount "98"]
[EventDate "2023.08.28"]
[EventType "swiss"]
[EventRounds "11"]
[EventCountry "POL"]
[SourceTitle "EXT 2024"]
[Source "ChessBase"]
[SourceDate "2023.10.10"]
[SourceVersion "1"]
[SourceVersionDate "2023.10.10"]
[SourceQuality "1"]

1. d4 d5 2. c4 e6 3. Nf3 Nf6 4. Nc3 a6 5. cxd5 exd5 6. Bg5 c6 7. e3 Bd6 8. Bd3 0-0 9. Qc2 h6 10. Bh4 Be6 11. 0-0 Nbd7 12. e4 dxe4 13. Nxe4 Be7 14. Bg3 Nxe4 15. Bxe4 Nf6 16. Bf5 Bxf5 17. Qxf5 Qd5 18. Be5 Rfe8 19. g4 Qe4 20. Qxe4 Nxe4 21. Rfe1 Nf6 22. Bxf6 Bxf6 23. h4 Red8 24. Rad1 Rd5 25. Rd2 Rad8 26. Red1 Re8 27. Kg2 Re4 28. Kg3 g6 29. Rd3 Kf8 30. Re3 Re7 31. Rxe7 Kxe7 32. Kf4 Bxh4 33. Nxh4 g5+ 34. Kg3 gxh4+ 35. Kxh4 Kf6 36. Kg3 c5 37. Kf4 Rxd4+ 38. Rxd4 cxd4 39. Ke4 Kg5 40. f3 d3 41. Kxd3 Kf4 42. Ke2 f5 43. gxf5 Kxf5 44. Kf2 Kf4 45. Kg2 h5 46. Kf2 h4 47. Kg2 a5 48. b3 b5 49. a4 b4 0-1

[Event "Krakow op-B 33rd"]
[Site "Krakow"]
[Date "2023.01.04"]
[Round "9"]
[White "Wojtyra, Dariusz"]
[Black "Klim, Filip"]
[Result "0-1"]
[WhiteElo "1912"]
[BlackElo "2083"]
[PlyCount "42"]
[EventDate "2022.12.27"]
[EventType "swiss"]
[EventRounds "9"]
[EventCountry "POL"]
[SourceTitle "CBM 212 Extra"]
[Source "ChessBase"]
[SourceDate "2023.03.31"]
[SourceVersion "1"]
[SourceVersionDate "2023.03.31"]
[SourceQuality "1"]

1. e4 c5 2. Nf3 d6 3. c3 Nf6 4. Be2 g6 5. 0-0 Bg7 6. Re1 0-0 7. Bf1 Nc6 8. d4 cxd4 9. cxd4 Bg4 10. d5 Ne5 11. Nbd2 Qa5 12. Re3 Bh6 13. Ra3 Qd8 14. Be2 Bxf3 15. Bxf3 Rc8 16. Rxa7 Qb6 17. Ra3 Rxc1 18. Qxc1 Qd4 19. Re3 Bxe3 20. fxe3 Qxe3+ 21. Kf1 Nd3 0-1

[Event "POL-ch U16"]
[Site "Jastrzebia Gora"]
[Date "2023.??.??"]
[Round "6"]
[White "Klim, Filip"]
[Black "Krawczyk, Flawian"]
[Result "1/2-1/2"]
[WhiteElo "2083"]
[BlackElo "1988"]
[PlyCount "100"]
[EventDate "2023.03.11"]
[EventType "swiss"]
[EventRounds "9"]
[EventCountry "POL"]
[SourceTitle "CBM 213 Extra"]
[Source "ChessBase"]
[SourceDate "2023.05.31"]
[SourceVersion "1"]
[SourceVersionDate "2023.05.31"]
[SourceQuality "1"]

1. e4 c6 2. d4 d5 3. Nc3 dxe4 4. Nxe4 Nf6 5. Nxf6+ exf6 6. c3 Bd6 7. Bd3 0-0 8. Qc2 Re8+ 9. Ne2 h6 10. 0-0 Qc7 11. h3 Nd7 12. Be3 Nf8 13. c4 Ne6 14. Rfe1 Bd7 15. Qd2 Qd8 16. Rac1 Rc8 17. b4 Bb8 18. Kf1 Ng5 19. Bf4 Ne4 20. Qc2 Bxf4 21. Nxf4 Qc7 22. g3 Ng5 23. Kg2 Qd6 24. Qc3 Ne6 25. Nxe6 Bxe6 26. Be4 b5 27. c5 Qd7 28. Kh2 Bxa2 29. Bg2 Bd5 30. Bxd5 Qxd5 31. Ra1 Qd7 32. Qd3 Rcd8 33. Rad1 g6 34. Re3 Kg7 35. Rd2 Qd5 36. Rde2 Rxe3 37. fxe3 f5 38. Qc3 Re8 39. Qd3 Re4 40. Qc3 Re6 41. Rf2 Kg8 42. Qd2 Qe4 43. Re2 Qf3 44. Re1 g5 45. Qg2 Rxe3 46. Rxe3 Qxe3 47. Qxc6 Qf2+ 48. Kh1 Qf1+ 49. Kh2 Qf2+ 50. Kh1 Qf1+ 1/2-1/2

[Event "POL-ch U16"]
[Site "Jastrzebia Gora"]
[Date "2023.??.??"]
[Round "2"]
[White "Klim, Filip"]
[Black "Wandor, Adam"]
[Result "1-0"]
[WhiteElo "2083"]
[BlackElo "1641"]
[PlyCount "71"]
[EventDate "2023.03.11"]
[EventType "swiss"]
[EventRounds "9"]
[EventCountry "POL"]
[SourceTitle "CBM 213 Extra"]
[Source "ChessBase"]
[SourceDate "2023.05.31"]
[SourceVersion "1"]
[SourceVersionDate "2023.05.31"]
[SourceQuality "1"]

1. e4 c5 2. Nf3 Nc6 3. d4 cxd4 4. Nxd4 Nf6 5. Nc3 g6 6. Nxc6 bxc6 7. e5 Nh5 8. Be2 Ng7 9. 0-0 d5 10. exd6 Qxd6 11. Bf3 Bb7 12. Qe2 Ne6 13. Be3 Bg7 14. Ne4 Qc7 15. c3 0-0 16. Nc5 Nxc5 17. Bxc5 Rfe8 18. Rfe1 e5 19. Rad1 Bf8 20. Qc4 Be7 21. Rd2 Red8 22. Rxd8+ Rxd8 23. Bxa7 Bd6 24. Bc5 Kg7 25. h3 f6 26. a4 Qa5 27. Be3 Qc7 28. b4 Qd7 29. a5 Ra8 30. Rd1 f5 31. Bc5 Ba6 32. Qb3 e4 33. Rxd6 Qxd6 34. Bxd6 exf3 35. Be5+ Kf8 36. Qe6 1-0

[Event "Krakow op-B 33rd"]
[Site "Krakow"]
[Date "2022.12.31"]
[Round "5"]
[White "Krawczyk, Wojciech"]
[Black "Klim, Filip"]
[Result "1-0"]
[WhiteElo "1981"]
[BlackElo "2083"]
[PlyCount "98"]
[EventDate "2022.12.27"]
[EventType "swiss"]
[EventRounds "9"]
[EventCountry "POL"]
[SourceTitle "CBM 212 Extra"]
[Source "ChessBase"]
[SourceDate "2023.03.31"]
[SourceVersion "1"]
[SourceVersionDate "2023.03.31"]
[SourceQuality "1"]

1. c4 e6 2. d4 d5 3. Nc3 c6 4. cxd5 exd5 5. Nf3 h6 6. Bf4 Bd6 7. Bxd6 Qxd6 8. Qc2 Nf6 9. e3 0-0 10. Bd3 Re8 11. 0-0 Be6 12. Rab1 a5 13. Na4 Na6 14. a3 b5 15. Nc5 Nxc5 16. dxc5 Qc7 17. b4 axb4 18. axb4 Ra4 19. Qc3 Rea8 20. Ra1 Qa7 21. Rxa4 Qxa4 22. Nd4 Qa3 23. Qd2 Bd7 24. Rb1 Qa2 25. Qc1 Ne4 26. Nc2 Qa7 27. Ra1 Qb8 28. Bxe4 dxe4 29. Rxa8 Qxa8 30. Qb2 Qa4 31. h3 Be6 32. Nd4 Qd1+ 33. Kh2 Bd5 34. Nf5 f6 35. Qa3 Qa4 36. Qxa4 bxa4 37. b5 Bc4 38. b6 Ba6 39. Ne7+ Kf7 40. Nxc6 a3 41. Nb4 Ke6 42. Nxa6 a2 43. b7 a1Q 44. b8Q Qxa6 45. Qb6+ Qxb6 46. cxb6 Kd6 47. Kg3 Kc6 48. Kf4 Kxb6 49. Kxe4 g6 1-0

[Event "Krakow op-B 33rd"]
[Site "Krakow"]
[Date "2022.12.30"]
[Round "4"]
[White "Klim, Filip"]
[Black "Csernyik, Mark"]
[Result "1-0"]
[WhiteElo "2083"]
[BlackElo "1946"]
[PlyCount "101"]
[EventDate "2022.12.27"]
[EventType "swiss"]
[EventRounds "9"]
[EventCountry "POL"]
[SourceTitle "CBM 212 Extra"]
[Source "ChessBase"]
[SourceDate "2023.03.31"]
[SourceVersion "1"]
[SourceVersionDate "2023.03.31"]
[SourceQuality "1"]

1. e4 c5 2. Nf3 d6 3. d4 cxd4 4. Nxd4 Nf6 5. Nc3 g6 6. Be3 Bg7 7. f3 0-0 8. Qd2 Nc6 9. 0-0-0 d5 10. Qe1 e5 11. Nxc6 bxc6 12. exd5 Nxd5 13. Bc4 Be6 14. Kb1 Rb8 15. Ne4 f5 16. Bxa7 fxe4 17. fxe4 Rb7 18. Bc5 Rff7 19. Bb3 Qc7 20. exd5 cxd5 21. Be3 Rd7 22. Qe2 Qc6 23. Ka1 Rb4 24. Qd2 Rb8 25. Rhe1 Ra8 26. a3 Bf7 27. Rf1 Be6 28. Bh6 d4 29. Bxg7 Kxg7 30. Qg5 Bxb3 31. Qxe5+ Kg8 32. cxb3 Rxa3+ 33. Kb1 Ra8 34. Rxd4 Rxd4 35. Qxd4 Ra1+ 36. Kxa1 Qa6+ 37. Qa4 Qxf1+ 38. Ka2 Qxg2 39. Qe8+ Kg7 40. Qe5+ Kg8 41. b4 Qc2 42. Qd5+ Kg7 43. Qd4+ Kg8 44. b5 Qxh2 45. Qc4+ Kf8 46. b6 Qg2 47. Qb4+ Kg7 48. b7 Qd5+ 49. b3 Qg2+ 50. Ka3 Qg1 51. Qc3+ 1-0

[Event "Krakow op-B 33rd"]
[Site "Krakow"]
[Date "2022.12.29"]
[Round "3"]
[White "Swiderski, Radoslaw"]
[Black "Klim, Filip"]
[Result "1-0"]
[WhiteElo "2015"]
[BlackElo "2083"]
[PlyCount "93"]
[EventDate "2022.12.27"]
[EventType "swiss"]
[EventRounds "9"]
[EventCountry "POL"]
[SourceTitle "CBM 212 Extra"]
[Source "ChessBase"]
[SourceDate "2023.03.31"]
[SourceVersion "1"]
[SourceVersionDate "2023.03.31"]
[SourceQuality "1"]

1. e4 c5 2. Nf3 d6 3. d4 cxd4 4. Nxd4 Nf6 5. Nc3 a6 6. Bg5 e6 7. f4 h6 8. Bh4 Qb6 9. a3 Be7 10. Bf2 Qc7 11. Qf3 Nc6 12. 0-0-0 Bd7 13. Kb1 Rb8 14. g4 b5 15. h4 h5 16. g5 Ng4 17. Nxc6 Qxc6 18. Bd4 e5 19. Bg1 exf4 20. Qxf4 Rc8 21. Bd4 0-0 22. Bd3 Be6 23. Nd5 Rfe8 24. Rhg1 Bf8 25. Nf6+ Nxf6 26. gxf6 g6 27. Rdf1 Kh7 28. Rxg6 fxg6 29. f7 Ba2+ 30. Kxa2 Re6 31. Qf3 Bh6 32. Qh3 d5 33. e5 Rf8 34. Qg3 Qd7 35. Qf3 Kg7 36. Rg1 Qxf7 37. Qxh5 Qe8 38. Rxg6+ Rxg6 39. e6+ Kh7 40. e7 Rfg8 41. Qf5 Qxe7 42. h5 Bg5 43. hxg6+ Kh6 44. Qh3+ Bh4 45. Bf2 Kh5 46. Bf5 Qg5 47. Qf3+ 1-0

[Event "Warsaw-ch op"]
[Site "Warsaw"]
[Date "2022.12.07"]
[Round "7"]
[White "Klim, Filip"]
[Black "Rozycki, Bartlomiej"]
[Result "1-0"]
[WhiteElo "2083"]
[BlackElo "2196"]
[PlyCount "139"]
[EventDate "2022.12.03"]
[EventType "swiss"]
[EventRounds "9"]
[EventCountry "POL"]
[SourceTitle "EXT 2024"]
[Source "ChessBase"]
[SourceDate "2023.10.10"]
[SourceVersion "1"]
[SourceVersionDate "2023.10.10"]
[SourceQuality "1"]

1. e4 c6 2. d4 d5 3. Nc3 dxe4 4. Nxe4 Bf5 5. Ng3 Bg6 6. Nh3 Nf6 7. Nf4 Nbd7 8. h4 e5 9. Nxg6 hxg6 10. Qe2 Be7 11. dxe5 Qa5+ 12. Bd2 Qxe5 13. 0-0-0 0-0-0 14. Bc3 Qf4+ 15. Bd2 Qe5 16. Bc3 Qxe2 17. Bxe2 Nd5 18. Bxg7 Rxh4 19. Rxh4 Bg5+ 20. Kb1 Bxh4 21. Ne4 Kc7 22. g3 Be7 23. c4 N5b6 24. Bd4 f5 25. Nc3 Re8 26. Kc2 Bf6 27. Be3 Rh8 28. c5 Nc8 29. b4 Ne7 30. Bc4 Be5 31. Ne2 Nf6 32. Nf4 Kc8 33. Be6+ Kb8 34. Nd3 Bc7 35. Bd4 Rf8 36. Rh1 a5 37. bxa5 Bxa5 38. Ne5 Rd8 39. Rd1 Nfd5 40. a3 Bc7 41. Nf7 Rf8 42. Nd6 b6 43. Rb1 Ka8 44. Nc4 bxc5 45. Bxc5 Rh8 46. Bd7 Rd8 47. Be6 Rh8 48. Rd1 Rh2 49. Kb3 Kb7 50. a4 f4 51. gxf4 Nxf4 52. Nd6+ Kb8 53. Bd7 Nfd5 54. Bxc6 Rh3+ 55. Kc4 Nb6+ 56. Bxb6 Bxb6 57. Bg2 Rh2 58. Be4 Bxf2 59. Nb5 Kc8 60. Nd6+ Kc7 61. a5 Bg3 62. Nb5+ Kc8 63. a6 Rh4 64. Rd4 Rxe4 65. Rxe4 Nc6 66. Re6 Kd7 67. Rxg6 Ne5+ 68. Kd5 Nxg6 69. a7 Ne7+ 70. Ke4 1-0

[Event "Warsaw Szansa op"]
[Site "Warsaw"]
[Date "2022.09.18"]
[Round "9"]
[White "Klim, Filip"]
[Black "Rudzinska, Michalina"]
[Result "1-0"]
[WhiteElo "2011"]
[BlackElo "2289"]
[PlyCount "110"]
[EventDate "2022.09.17"]
[EventType "swiss (rapid)"]
[EventRounds "11"]
[EventCountry "POL"]
[SourceTitle "EXT 2023"]
[Source "ChessBase"]
[SourceDate "2022.10.05"]
[SourceVersion "1"]
[SourceVersionDate "2022.10.05"]
[SourceQuality "1"]

1. e4 c6 2. d4 d5 3. Nc3 dxe4 4. Nxe4 Nf6 5. Nxf6+ exf6 6. c3 Bd6 7. Bd3 0-0 8. Qc2 Re8+ 9. Ne2 h5 10. 0-0 h4 11. Nf4 Nd7 12. Qd1 Nf8 13. Qh5 Qc7 14. g3 g5 15. Ng2 Qd7 16. Bxg5 fxg5 17. Qxg5+ Kh8 18. Qf6+ Kg8 19. Nxh4 Be7 20. Qh6 Bxh4 21. Qxh4 Qg4 22. Qxg4+ Bxg4 23. f3 Bh3 24. Rfe1 Ne6 25. Kf2 Kg7 26. Re5 Rh8 27. Rae1 Rad8 28. Bc4 b5 29. Bb3 Kg6 30. g4 Nf4 31. Kg3 Nd5 32. Rh5 Rxh5 33. gxh5+ Kxh5 34. Kxh3 Nf4+ 35. Kg3 Nd3 36. Bxf7+ Kg5 37. Re6 Rf8 38. h4+ Kf5 39. Re7 Kf6 40. Re3 Nxb2 41. Bb3 Nc4 42. Bxc4 bxc4 43. Re5 Rg8+ 44. Rg5 Rb8 45. Rc5 Rb2 46. Rxc6+ Kf5 47. Rc5+ Kf6 48. Ra5 Rc2 49. Ra3 Kf5 50. Ra5+ Kf6 51. Rxa7 Rxc3 52. Rc7 Ke6 53. Rc5 Rc1 54. Kf4 c3 55. Ke3 Kd6 1-0

[Event "Warsaw Chess op-A"]
[Site "Warsaw"]
[Date "2022.07.18"]
[Round "1"]
[White "Klim, Filip"]
[Black "Sarkar, Justin"]
[Result "0-1"]
[WhiteElo "1975"]
[BlackElo "2346"]
[PlyCount "116"]
[EventDate "2022.07.18"]
[EventType "swiss"]
[EventRounds "9"]
[EventCountry "POL"]
[SourceTitle "CBM 209 Extra"]
[Source "ChessBase"]
[SourceDate "2022.09.30"]
[SourceVersion "1"]
[SourceVersionDate "2022.09.30"]
[SourceQuality "1"]

1. e4 c5 2. Nf3 e6 3. d4 cxd4 4. Nxd4 Nc6 5. Nc3 Qc7 6. Be2 Nf6 7. 0-0 Be7 8. Be3 0-0 9. f4 d6 10. Qe1 Nxd4 11. Bxd4 e5 12. Be3 exf4 13. Bxf4 Be6 14. Qg3 Rfd8 15. Kh1 a6 16. Rad1 Ne8 17. e5 dxe5 18. Bxe5 Qb6 19. Ne4 Rxd1 20. Rxd1 Rd8 21. Bd3 f6 22. Qh4 Rd7 23. Ng5 fxg5 24. Qxh7+ Kf8 25. Qh8+ Bg8 26. Rf1+ Bf6 27. Bc4 Rf7 28. Bxf7 Kxf7 29. Qh5+ Ke7 30. Re1 Be6 31. Qe2 Qc6 32. c4 g4 33. c5 Kf7 34. Bd6 Qd5 35. Rd1 Qxa2 36. Be5 Qb3 37. Rd2 Qb5 38. Qf2 Qc4 39. Rd1 Qe4 40. Bg3 Qf5 41. Qg1 Bd5 42. b4 Bc6 43. Rf1 Qe4 44. Rf4 Qe2 45. Rf2 Qd3 46. Rf4 g5 47. Rf1 Kg6 48. Qf2 Bd5 49. Bd6 Bd4 50. Qe1 Nf6 51. Qb1 Qxb1 52. Rxb1 Ne4 53. Bb8 Nf2+ 54. Kg1 Be4 55. Rf1 Nd3+ 56. Kh1 Nxb4 57. Re1 Nd3 58. Re2 Bxc5 0-1

[Event "POL-chT U18 1st"]
[Site "Poland"]
[Date "2022.06.30"]
[Round "6.1"]
[White "Madej, Marek"]
[Black "Klim, Filip"]
[Result "0-1"]
[WhiteElo "1995"]
[BlackElo "1975"]
[PlyCount "64"]
[EventDate "2022.06.25"]
[EventType "team-swiss"]
[EventRounds "9"]
[EventCountry "POL"]
[SourceTitle "EXT 2023"]
[Source "ChessBase"]
[SourceDate "2022.10.05"]
[SourceVersion "1"]
[SourceVersionDate "2022.10.05"]
[SourceQuality "1"]
[WhiteTeam "Wroclaw Invest Polonia"]
[BlackTeam "Warszawa Polonia"]
[WhiteTeamCountry "POL"]
[BlackTeamCountry "POL"]

1. e4 c5 2. Nc3 Nc6 3. Nge2 g6 4. d4 cxd4 5. Nxd4 Bg7 6. Nde2 d6 7. g3 Nf6 8. Bg2 0-0 9. 0-0 Bd7 10. a4 Rc8 11. Nd5 Nxd5 12. exd5 Ne5 13. Ra2 Bg4 14. f3 Qb6+ 15. Kh1 Bf5 16. b3 Qc5 17. Nd4 Bd3 18. Ne6 Bxc2 19. Rxc2 Qxc2 20. Nxf8 Kxf8 21. Be3 a6 22. Qd4 Qxb3 23. Bg5 h6 24. f4 Qd3 25. Qb6 hxg5 26. fxe5 Bxe5 27. Qxb7 Rc2 28. Qb4 Bd4 29. Qb8+ Kg7 30. Qe8 Bf6 31. Qd7 Qe2 32. Rg1 Bd4 0-1

[Event "POL-chT U18 1st"]
[Site "Poland"]
[Date "2022.06.28"]
[Round "4.1"]
[White "Klim, Filip"]
[Black "Wieczorek, Mikolaj"]
[Result "1/2-1/2"]
[WhiteElo "1975"]
[BlackElo "1942"]
[PlyCount "87"]
[EventDate "2022.06.25"]
[EventType "team-swiss"]
[EventRounds "9"]
[EventCountry "POL"]
[SourceTitle "EXT 2023"]
[Source "ChessBase"]
[SourceDate "2022.10.05"]
[SourceVersion "1"]
[SourceVersionDate "2022.10.05"]
[SourceQuality "1"]
[WhiteTeam "Warszawa Polonia"]
[BlackTeam "Wroclaw Srodmiescie"]
[WhiteTeamCountry "POL"]
[BlackTeamCountry "POL"]

1. e4 c5 2. Nf3 d6 3. d4 cxd4 4. Nxd4 Nf6 5. Nc3 a6 6. Be2 e5 7. Nb3 Be7 8. 0-0 0-0 9. Qd3 Be6 10. Bd2 Nbd7 11. Nd5 Bxd5 12. exd5 Rc8 13. c4 Ne8 14. Rac1 f5 15. f4 g6 16. Kh1 Bf6 17. fxe5 Nxe5 18. Qg3 Ng7 19. Bh6 Re8 20. Nd4 Qb6 21. Nxf5 Nxf5 22. Rxf5 Bg7 23. Bxg7 Kxg7 24. b3 Rf8 25. Rxe5 dxe5 26. Qxe5+ Qf6 27. Qxf6+ Kxf6 28. c5 Rfe8 29. Rf1+ Kg5 30. Bf3 Rxc5 31. d6 Rd8 32. Rd1 b5 33. Bb7 a5 34. d7 Rc7 35. Bc8 Rcxc8 36. Rd5+ Kf4 37. dxc8Q Rxc8 38. Kg1 Rc1+ 39. Kf2 Rc2+ 40. Kf1 Rxa2 41. Rxb5 h5 42. Kg1 g5 43. Rc5 Ra3 44. Kf2 1/2-1/2

[Event "POL-chT U18 1st"]
[Site "Poland"]
[Date "2022.06.25"]
[Round "1.1"]
[White "Jedraszek, Pawel"]
[Black "Klim, Filip"]
[Result "1/2-1/2"]
[WhiteElo "1933"]
[BlackElo "1975"]
[PlyCount "98"]
[EventDate "2022.06.25"]
[EventType "team-swiss"]
[EventRounds "9"]
[EventCountry "POL"]
[SourceTitle "EXT 2023"]
[Source "ChessBase"]
[SourceDate "2022.10.05"]
[SourceVersion "1"]
[SourceVersionDate "2022.10.05"]
[SourceQuality "1"]
[WhiteTeam "Kalisz KTS"]
[BlackTeam "Warszawa Polonia"]
[WhiteTeamCountry "POL"]
[BlackTeamCountry "POL"]

1. d4 d5 2. c4 c6 3. Nf3 Nf6 4. e3 e6 5. Nbd2 Nbd7 6. Bd3 Bd6 7. 0-0 0-0 8. e4 e5 9. cxd5 cxd5 10. exd5 exd4 11. Ne4 Ne5 12. Nxd4 Nxe4 13. Bxe4 Qh4 14. f4 Bc5 15. g3 Qf6 16. fxe5 Qxe5 17. Bxh7+ Kh8 18. Rf4 g5 19. Re4 Qxd5 20. Qh5 Bxd4+ 21. Kg2 Bg4 22. Qxg4 f5 23. Bxf5 Rxf5 24. Bxg5 Rxg5 25. Qf3 Rf5 26. Rh4+ Kg7 27. Qxd5 Rxd5 28. Re1 Bf6 29. Rg4+ Kf7 30. Re2 Rad8 31. Rc4 Rd2 32. Rc2 Rxe2+ 33. Rxe2 b5 34. Kf3 a5 35. Rc2 Rd5 36. Ke4 Re5+ 37. Kf4 Kg6 38. h4 Rd5 39. b3 Rd4+ 40. Kf3 a4 41. Re2 axb3 42. axb3 Rd3+ 43. Re3 Rxe3+ 44. Kxe3 Kh5 45. Kf4 b4 46. Ke4 Kg4 47. Kd5 Kf5 48. h5 Kg4 49. Kc4 Kxh5 1/2-1/2

[Event "POL-ch U14"]
[Site "Uniejow"]
[Date "2021.07.22"]
[Round "6"]
[White "Urban, Szymon"]
[Black "Klim, Filip"]
[Result "0-1"]
[WhiteElo "1312"]
[BlackElo "2062"]
[PlyCount "90"]
[EventDate "2021.07.18"]
[EventType "swiss"]
[EventRounds "9"]
[EventCountry "POL"]
[SourceTitle "EXT 2022"]
[Source "ChessBase"]
[SourceDate "2021.10.06"]
[SourceVersion "1"]
[SourceVersionDate "2021.10.06"]
[SourceQuality "1"]

1. e4 c5 2. Nf3 d6 3. d4 cxd4 4. Nxd4 Nf6 5. Nc3 a6 6. Be3 e5 7. Nb3 Be6 8. Be2 Be7 9. 0-0 Nbd7 10. Qd2 0-0 11. f3 b5 12. a3 Nb6 13. Kh1 Nc4 14. Bxc4 bxc4 15. Nc1 Rb8 16. Rb1 d5 17. exd5 Nxd5 18. N1e2 Nxe3 19. Qxe3 Qc7 20. Ne4 h6 21. Qc3 Rb6 22. b4 Rfb8 23. Rbd1 a5 24. bxa5 Ra6 25. f4 Bg4 26. N4g3 Rxa5 27. Rde1 Bxa3 28. Qe3 exf4 29. Nxf4 Bd6 30. h3 Re5 31. Ne4 Rbe8 32. Qd4 Bf5 33. Nd5 Qd8 34. Ndc3 Bb4 35. Qxd8 Rxd8 36. Nf6+ gxf6 37. Rxe5 fxe5 38. Na2 Ba5 39. Rxf5 Rd1+ 40. Kh2 Ra1 41. g3 Rxa2 42. Rf2 e4 43. Kg2 e3 44. Re2 Bd2 45. c3 Rc2 0-1

[Event "POL-ch U14"]
[Site "Uniejow"]
[Date "2021.07.20"]
[Round "2"]
[White "Klim, Filip"]
[Black "Jaworski, Tymon"]
[Result "1-0"]
[WhiteElo "2062"]
[BlackElo "1616"]
[PlyCount "97"]
[EventDate "2021.07.18"]
[EventType "swiss"]
[EventRounds "9"]
[EventCountry "POL"]
[SourceTitle "EXT 2022"]
[Source "ChessBase"]
[SourceDate "2021.10.06"]
[SourceVersion "1"]
[SourceVersionDate "2021.10.06"]
[SourceQuality "1"]

1. e4 e6 2. d4 d5 3. Nd2 Nf6 4. e5 Nfd7 5. f4 c5 6. c3 Nc6 7. Ndf3 Qb6 8. a3 Be7 9. Nh3 a5 10. f5 cxd4 11. fxe6 Ndxe5 12. Nxe5 Nxe5 13. cxd4 Nc6 14. exf7+ Kf8 15. Nf4 Qxd4 16. Qxd4 Nxd4 17. Bd3 Bc5 18. Rf1 b6 19. Bxh7 g5 20. Ng6+ Kg7 21. f8Q+ Bxf8 22. Nxf8 Rxh7 23. Nxh7 Nc2+ 24. Kd1 Nxa1 25. Nxg5 Bg4+ 26. Nf3 Rf8 27. Be3 b5 28. h3 Bxf3+ 29. Rxf3 Rxf3 30. gxf3 Nb3 31. Kc2 a4 32. Kd3 Kg6 33. h4 Kh5 34. Bf2 Na5 35. Kd4 Nc4 36. Kxd5 Nxb2 37. Kc6 Nc4 38. Kxb5 Nxa3+ 39. Kb4 Nb1 40. Be1 Nd2 41. Bxd2 Kxh4 42. Kxa4 Kg3 43. f4 Kg4 44. Kb5 Kf5 45. Kc5 Ke4 46. Kd6 Kf5 47. Ke7 Kg6 48. Ke6 Kg7 49. Bb4 1-0

[Event "Poronin Tatra Limba op"]
[Site "Poronin"]
[Date "2021.05.26"]
[Round "7"]
[White "Klim, Filip"]
[Black "Czernek, Tymon"]
[Result "1-0"]
[WhiteElo "1828"]
[BlackElo "2248"]
[PlyCount "107"]
[EventDate "2021.05.22"]
[EventType "swiss"]
[EventRounds "9"]
[EventCountry "POL"]
[SourceTitle "EXT 2022"]
[Source "ChessBase"]
[SourceDate "2021.10.06"]
[SourceVersion "1"]
[SourceVersionDate "2021.10.06"]
[SourceQuality "1"]

1. e4 c5 2. Nf3 d6 3. d4 cxd4 4. Nxd4 Nf6 5. Nc3 a6 6. Be2 e5 7. Nb3 Be7 8. Bg5 Nbd7 9. a4 h6 10. Bh4 Nf8 11. 0-0 g5 12. Bg3 Be6 13. f3 h5 14. Nd5 Bxd5 15. exd5 Ng6 16. Qd2 Nf4 17. Bxf4 gxf4 18. a5 h4 19. c4 Nh5 20. Bd3 h3 21. gxh3 Qd7 22. Rf2 Qxh3 23. Bf1 Rg8+ 24. Rg2 0-0-0 25. Qe2 f5 26. c5 e4 27. c6 Rxg2+ 28. Bxg2 Rg8 29. cxb7+ Kb8 30. Nd4 Bh4 31. Qc2 Bf6 32. Qc8+ Rxc8 33. bxc8Q+ Kxc8 34. Bxh3 Bxd4+ 35. Kf1 exf3 36. Bxf5+ Kd8 37. Bg4 Nf6 38. Bxf3 Bxb2 39. Rb1 Bc3 40. Rb6 Bxa5 41. Rxd6+ Ke7 42. Re6+ Kf7 43. Rxa6 Bb4 44. h4 Bc5 45. h5 Bf8 46. Ra4 Bd6 47. Ra7+ Kg8 48. Ke2 Kf8 49. Kd3 Bc5 50. Rb7 Ne8 51. h6 Bd6 52. h7 Be5 53. Rb8 Ke7 54. Bh5 1-0